00418nam a2200133Ia 4500003000400000008004100004040001600045082001800061100004000079245008000119260006900199300001100268490000500279GCL140319s9999 xx 000 0 ara d aGCL / cGCL04a623.82bر ه1 aربيع عبد الله الملط10aهندسة بناء السفن, ط3 / cربيع عبد الله الملط a[S.N] : bمنشاة المعارف الاسلامية ، c1993 a329 ص a